000 01423nam a2200397 a 4500
001 000111971
003 CHAP
005 20220329144239.0
008 151111s2015 mx a fsm |||||||spa d
010 _a108432
011 _a109404
040 _cCHAP
090 _aTesis
100 1 _aBlas García, Hugo
_9130023
245 1 0 _aTablas de producción forestal para tres especies tropicales en la costa de Oaxaca /
_h[En línea]
_cpor Hugo Blas García y Julio Cesar Vicente Arbona.
260 _aChapingo, Méx. :
_bEl autor,
_c2015.
500 _aPara ver el contenido del material haga clic en la liga
502 _aTesis (Ing. Forestal) -- UACH. División de Ciencias Forestales
590 _aBATCH
_b00
_c20181121
_lUCH01
_h0759
590 _aE11695DGD
_b10
_c20151114
_lUCH01
_h1022
590 _aE11695DGD
_b10
_c20151114
_lUCH01
_h1023
590 _aE6096MTM
_b05
_c20151111
_lUCH01
_h1311
590 _aE6096MTM
_b05
_c20151111
_lUCH01
_h1314
650 1 4 _aÁrboles tropicales.
_982448
650 1 4 _aÁrboles
_xPropagación.
_96637
650 1 4 _aÁrboles
_xVariedades.
_982441
650 1 4 _aPlantación forestal.
_988784
650 1 4 _aSilvicultura.
_9106109
650 1 4 _aViveros forestales.
_9120100
700 1 _aVicente Arbona, Julio César
_9130024
856 _a1
_n0000975
856 _aFinding aid
_uhttp://10.13.5.2/tesis/sist111971.pdf
_zTeclea aquí
901 _aBK
942 _cTESIS
942 _n0
999 _c108432
_d108432